000 00660nam a2200241Ia 4500
003 OSt
005 20220918111914.0
006 a|||||r|||| 00| 0
007 ta
008 220915b |||||||| |||| 00| 0 eng d
024 _a124871
037 _cTextbook
040 _beng
_aARTS
_cARTS
041 _aeng
082 _aV6:1:N5, L2 (906)
100 _aAnderson J D
_911081
245 0 _aWest Africa and East Africa : in the nineteenth and twentieth centuries
260 _c1972
490 _aHistories of the peoples of Africa
650 _aHISTORY
942 _hV6:1:N5, L2 (906)
_cTB
_2CC
999 _c117129
_d117129